| 000 | 00549nam a22002057a 4500 | ||
|---|---|---|---|
| 999 |
_c1393 _d1393 |
||
| 003 | OSt | ||
| 005 | 20210316173610.0 | ||
| 008 | 150410b xxu||||| |||| 00| 0 eng d | ||
| 020 | _a0727913786 | ||
| 040 | _cDNLM | ||
| 082 | _aWO700 A1p 2001 | ||
| 100 |
_aEdited by Driscoll, Peter; Skinner, David; Earlman,Richard _913975 |
||
| 245 | _aABC of Major Trauma | ||
| 250 | _a3rd ed. | ||
| 260 |
_aMalaysia: _bBMJ Books; _c2001. |
||
| 300 |
_ax, 181 p : _bcol.ill; _c30 cm. |
||
| 504 | _aIncludes index. | ||
| 650 |
_aTrauma _92825 |
||
| 942 |
_2z _cSLOAN |
||